Elemente des Periodensystems A-Z - Statistiken

Allgemein
  • Dieses Quiz wurde 538 mal gespielt
  • Das Durchschnittsergebnis liegt bei 21 aus 25
Antwortstatistiken
# Element % Korrekt
B Beryllium
97%
S Stickstoff
96%
A Aluminium
94%
K Kohlenstoff
94%
C Chlor
93%
N Neon
93%
E Eisen
91%
G Gallium
90%
H Helium
89%
M Magnesium
89%
I Indium
88%
U Uran
88%
F Fluor
87%
P Phosphor
86%
W Wasserstoff
86%
R Rubidium
85%
L Lithium
84%
X Xenon
80%
Z Zink
78%
T Titan
77%
Q Quecksilber
75%
D Dysprosium
62%
V Vanadium
56%
Y Yttrium
56%
O Osmium
54%
Keine übereinstimmenden Quizze gefunden
Verteilung der Resultate
Anzahl Personen mit jedem Resultat
Perzentil nach korrekt beantworteten Fragen
Ihre Resultats-Entwicklung
Sie haben dieses Quiz noch nicht gespielt